000 00489nam a2200181 a 4500
005 20140310183251.0
008 041022s19uu xx 00 eng d
020 _a0205319653
050 _aPN 4121
_b.L397 2002
100 _aLetteri, Richard
245 _aA handbook of public speaking /
_cRichard Letteri.
260 _aUSA :
_bPearson Education, Co,
_c2002.
300 _a272 p. :
_c22 cm.
521 _aMC
650 _aPublic speaking.
942 _cBK
_2lcc
_kFOR
999 _c20781
_d20781